[Event "CRO-ch U11"]
[Site "Trogir"]
[Date "2023.06.24"]
[Round "6"]
[White "Ivancic, Ivan"]
[Black "Golubovic, Erik"]
[Result "1/2-1/2"]
[WhiteElo "1890"]
[BlackElo "1925"]
[PlyCount "44"]
[EventDate "2023.06.21"]
[EventType "swiss"]
[EventRounds "9"]
[EventCountry "CRO"]
[SourceTitle "EXT 2024"]
[Source "ChessBase"]
[SourceDate "2023.10.10"]
[SourceVersion "1"]
[SourceVersionDate "2023.10.10"]
[SourceQuality "1"]

1. e4 c5 2. Nf3 d6 3. d4 cxd4 4. Nxd4 Nf6 5. Nc3 g6 6. Be3 Bg7 7. f3 a6 8. Qd2 h5 9. Bc4 Nbd7 10. a4 b6 11. 0-0 Bb7 12. Rfd1 0-0 13. Bh6 Ne5 14. Bb3 Rc8 15. Bxg7 Kxg7 16. Qg5 Kh7 17. f4 Nc6 18. e5 Ng4 19. exd6 exd6 20. Qxd8 Rcxd8 21. Nxc6 Bxc6 22. Bd5 Rc8 1/2-1/2

[Event "CRO-ch U11"]
[Site "Trogir"]
[Date "2023.06.21"]
[Round "1"]
[White "Maric, Mihael"]
[Black "Ivancic, Ivan"]
[Result "0-1"]
[WhiteElo "1640"]
[BlackElo "1890"]
[PlyCount "68"]
[EventDate "2023.06.21"]
[EventType "swiss"]
[EventRounds "9"]
[EventCountry "CRO"]
[SourceTitle "EXT 2024"]
[Source "ChessBase"]
[SourceDate "2023.10.10"]
[SourceVersion "1"]
[SourceVersionDate "2023.10.10"]
[SourceQuality "1"]

1. e4 c5 2. Nf3 Nc6 3. Bb5 g6 4. c3 Bg7 5. d4 cxd4 6. cxd4 Qb6 7. Bxc6 bxc6 8. 0-0 Ba6 9. Re1 Nf6 10. e5 Nd5 11. Nc3 Nb4 12. Re3 Bh6 13. Re4 Bg7 14. a3 Nd3 15. Qc2 Rb8 16. b4 Nxc1 17. Rxc1 Bh6 18. Rd1 0-0 19. Na4 Qd8 20. Nc5 Bc8 21. Rh4 Bg7 22. Ng5 h6 23. Nf3 d6 24. exd6 exd6 25. Ne4 Rb6 26. d5 cxd5 27. Rxd5 Bb7 28. Rd1 Qe7 29. Re1 Rc8 30. Nc5 Qf8 31. Nd7 Rxc2 32. Nxf8 Kxf8 33. b5 Bxf3 34. gxf3 Rxb5 0-1

[Event "Krapina op 11th"]
[Site "Krapina"]
[Date "2023.01.15"]
[Round "7"]
[White "Dzaja, Martin Zorislav"]
[Black "Ivancic, Ivan"]
[Result "1/2-1/2"]
[WhiteElo "1973"]
[BlackElo "1610"]
[PlyCount "48"]
[EventDate "2023.01.13"]
[EventType "swiss"]
[EventRounds "7"]
[EventCountry "CRO"]
[SourceTitle "CBM 212 Extra"]
[Source "ChessBase"]
[SourceDate "2023.03.31"]
[SourceVersion "1"]
[SourceVersionDate "2023.03.31"]
[SourceQuality "1"]

1. d4 d5 2. c4 e6 3. Nc3 c6 4. Nf3 dxc4 5. a4 Bb4 6. e4 b5 7. Bd2 a5 8. axb5 Bxc3 9. Bxc3 cxb5 10. d5 Nf6 11. b3 exd5 12. exd5 Qxd5 13. Qxd5 Nxd5 14. Rxa5 Rxa5 15. Bxa5 cxb3 16. Bxb5+ Bd7 17. Bc4 b2 18. 0-0 Bf5 19. Re1+ Ne7 20. Nd2 Nbc6 21. Bc3 0-0 22. Bxb2 Rd8 23. Nf3 h6 24. h3 Bd3 1/2-1/2

[Event "Krapina op 11th"]
[Site "Krapina"]
[Date "2023.01.14"]
[Round "5"]
[White "Kodric, Gasper"]
[Black "Ivancic, Ivan"]
[Result "1-0"]
[WhiteElo "2020"]
[BlackElo "1610"]
[PlyCount "61"]
[EventDate "2023.01.13"]
[EventType "swiss"]
[EventRounds "7"]
[EventCountry "CRO"]
[SourceTitle "CBM 212 Extra"]
[Source "ChessBase"]
[SourceDate "2023.03.31"]
[SourceVersion "1"]
[SourceVersionDate "2023.03.31"]
[SourceQuality "1"]

1. c4 e6 2. g3 d5 3. Bg2 Nf6 4. Nf3 dxc4 5. 0-0 Nbd7 6. a4 Rb8 7. Na3 Bxa3 8. Rxa3 c5 9. Qc2 b6 10. Qxc4 Bb7 11. Rd1 0-0 12. d4 Qe7 13. dxc5 Nxc5 14. b4 Nce4 15. Rad3 Bd5 16. Qd4 Rbc8 17. Ne5 Qc7 18. Bb2 Qc2 19. f3 Nd6 20. Nd7 Rc4 21. Nxf6+ Kh8 22. Qe5 Nf5 23. Nxd5 exd5 24. Rc1 Qxc1+ 25. Bxc1 Rxc1+ 26. Kf2 Nh6 27. Rxd5 f6 28. Qe7 Rcc8 29. Rd7 Nf7 30. Rxa7 Rce8 31. Qc7 1-0